| 000 | 00454nam a2200169Ia 4500 | ||
|---|---|---|---|
| 003 | GCL | ||
| 008 | 140319s9999 xx 000 0 eng d | ||
| 040 |
_aGCL / _cGCL |
||
| 082 | 0 | 4 |
_a658 _bH S |
| 100 | 1 | _aHAIMANN, THEO | |
| 245 | 1 | 0 |
_aSUPERVISORY MANAGEMNT FOR HEALTH CARE AND ORGANIZATION / _cHAIMANN, THEO |
| 260 |
_a[S.N] : _bWM. C. BROWN PUBLISHERS ، _c1989 |
||
| 300 | _a451 P | ||
| 650 | 0 | 4 | _aMANAGEMENT |
| 650 | 0 | 4 | _aPLANNING |
| 942 |
_2ddc _cBK |
||
| 999 |
_c16800 _d16800 |
||